• 首页
  • 本馆介绍
  • 公告通知
  • 最新文献
  • 馆藏检索
  • 电子资源
  • 读者导购
  • 参考咨询
  • 我的图书馆
  • 登录
  • 详细信息显示
  • 放入我的书架
  • 预约/预借图书
  • 作者相关作品
  • 分类相关作品
  • 丛书相关作品
  • 出版社相关作品

书目信息

  • 表格格式
  • 工作单格式
  • 卡片格式
题名:
京都玉作
    
 
作者: 苏欣 著
分册:  
出版信息: 南京   东南大学出版社  2016
页数: 250页
开本: 21cm
丛书名: 当代设计卓越论丛
单 册:
中图分类: TS933.21
科图分类:
主题词: 玉石--Yu Shi--文化研究--中国
电子资源:
ISBN: 978-7-5641-6171-2
000 01031nam0 22002771 450
001 350328
005 20161010155650.46
010    @a978-7-5641-6171-2@dCNY40.00
100    @a20160325d2016 em y0chiy50 ea
101 0  @achi
102    @aCN@b320000
105    @aa z 000yy
106    @ar
200 1  @a京都玉作@AJing Du Yu Zuo@e中国北方玉作文化研究@f苏欣著
210    @a南京@c东南大学出版社@d2016
215    @a250页@c图@d21cm
225 2  @a当代设计卓越论丛@ADang Dai She Ji Zhuo Yue Lun Cong@f许平主编
300    @a江苏省高校优势学科建设工程资助项目
330    @a本书包括京都玉作、京都玉作的形成范式、京都玉作的工具系统与技术观、京都玉作的文化要义、京都玉作的工具系统与技术观、京都玉作的文化要义等内容。
461  0 @12001 @a当代设计卓越论丛@f许平主编
517 1  @a中国北方玉作文化研究@AZhong Guo Bei Fang Yu Zuo Wen Hua Yan Jiu
606 0  @a玉石@AYu Shi@x文化研究@y中国
690    @aTS933.21@v5
701  0 @a苏欣@ASu Xin@c(女,@f1976~)@4著
801  0 @aCN@bTANGWEI@c20160803
905    @b0889475-9@dTS933.21@e49@f5
    
    京都玉作:中国北方玉作文化研究/苏欣著.-南京:东南大学出版社,2016
    250页:图;21cm.-(当代设计卓越论丛/许平主编)
    江苏省高校优势学科建设工程资助项目
    
    ISBN 978-7-5641-6171-2:CNY40.00
    本书包括京都玉作、京都玉作的形成范式、京都玉作的工具系统与技术观、京都玉作的文化要义、京都玉作的工具系统与技术观、京都玉作的文化要义等内容。
●
相关链接 在E读中查询图书 在五车中查询图书 在当当中查询图书 在豆瓣中查询图书


正题名:京都玉作     索取号:TS933.21/49         预约/预借

序号 登录号 条形码 馆藏地/架位号 状态 备注
1 0889475   208894758   第二样本阅览室/ [索取号:TS933.21/49] 在馆    
2 0889476   208894767   第三借阅区/ [索取号:TS933.21/49] 在馆    
3 0889477   208894776   第三借阅区/ [索取号:TS933.21/49] 在馆    
4 0889478   208894785   第三借阅区/ [索取号:TS933.21/49] 在馆    
5 0889479   208894794   第三借阅区/ [索取号:TS933.21/49] 在馆    
唐山师范学院图书馆 欢迎您!
大连网信软件有限公司© 版权所有